प्राचीन भारत की वैज्ञानिक उपलब्धियां / (Record no. 118764)
[ view plain ]
| 000 -LEADER | |
|---|---|
| fixed length control field | 01127nam a22002537a 4500 |
| 005 - DATE AND TIME OF LATEST TRANSACTION | |
| control field | 20170124103120.0 |
| 010 ## - LIBRARY OF CONGRESS CONTROL NUMBER | |
| LC control number | B-150639 |
| 020 ## - INTERNATIONAL STANDARD BOOK NUMBER | |
| Terms of availability | 150.00 |
| International Standard Book Number | 8190156233 |
| 035 ## - SYSTEM CONTROL NUMBER | |
| System control number | B-150639 |
| 037 ## - SOURCE OF ACQUISITION | |
| Source of stock number/acquisition | Cen Lib/Ret |
| 040 ## - CATALOGING SOURCE | |
| Original cataloging agency | DPL |
| Language of cataloging | HN |
| 082 ## - DEWEY DECIMAL CLASSIFICATION NUMBER | |
| Classification number | 509 |
| Item number | परम |
| 100 ## - MAIN ENTRY--PERSONAL NAME | |
| Personal name | परमहंस |
| 9 (RLIN) | 500 |
| 245 ## - TITLE STATEMENT | |
| Title | प्राचीन भारत की वैज्ञानिक उपलब्धियां / |
| Statement of responsibility, etc | परमहंस |
| 246 ## - VARYING FORM OF TITLE | |
| Title proper/short title | Prachin bharat ki vaigyanik uplabdhiyan / |
| Remainder of title | by Paramhans |
| 260 ## - PUBLICATION, DISTRIBUTION, ETC. (IMPRINT) | |
| Place of publication, distribution, etc | दिल्ली |
| Name of publisher, distributor, etc | विज्ञान लोक |
| Date of publication, distribution, etc | 2006 |
| 270 ## - ADDRESS | |
| City | दिल्ली |
| Address | 30/35-36, प्रथम तल गली न. 9, विश्वास नगर |
| Postal code | 110032 |
| 300 ## - PHYSICAL DESCRIPTION | |
| Extent | 126पृ. |
| Dimensions | 21सेमी(सजिल्द ) |
| 650 ## - SUBJECT ADDED ENTRY--TOPICAL TERM | |
| Topical term or geographic name as entry element | वैज्ञानिकता--प्राचीन भारत |
| General subdivision | |
| Geographic subdivision | |
| 9 (RLIN) | 81809 |
| 650 ## - SUBJECT ADDED ENTRY--TOPICAL TERM | |
| Topical term or geographic name as entry element | प्राचीन भारत--वैज्ञानिक |
| 9 (RLIN) | 81810 |
| 650 ## - SUBJECT ADDED ENTRY--TOPICAL TERM | |
| Topical term or geographic name as entry element | Scientific - Ancient India |
| 9 (RLIN) | 81811 |
| 650 ## - SUBJECT ADDED ENTRY--TOPICAL TERM | |
| Topical term or geographic name as entry element | Ancient India - scientist |
| 9 (RLIN) | 81812 |
| 942 ## - ADDED ENTRY ELEMENTS (KOHA) | |
| Source of classification or shelving scheme | Dewey Decimal Classification |
| Koha item type | Hindi Books |
| Classification part | 509 |
| Call number suffix | परम |
| Withdrawn status | Lost status | Damaged status | Not for loan | Home library | Current library | Date acquired | Source of acquisition | Cost, normal purchase price | Total Checkouts | Full call number | Barcode | Date last seen | Date checked out | Copy number | Cost, replacement price | Price effective from | Koha item type |
|---|---|---|---|---|---|---|---|---|---|---|---|---|---|---|---|---|---|
| Central Library | Central Library | 14/09/2015 | Cen Lib/Ref | 150.00 | 2 | 509 परम | B-150639 | 09/11/2022 | 28/10/2022 | 1 | 150.00 | 14/09/2015 | Hindi Books |
